Potápanie dôchodkovej renty

Pohľad na zmeny v druhom piliery dôchodkového sporenia.

Gespeichert in:
Bibliographische Detailangaben
1. Verfasser: Pavelka, Ľuboš, 1962-
Format: Buchkapitel
Sprache:Slowakisch
Schlagworte:
Tags: Tag hinzufügen
Keine Tags, Fügen Sie das erste Tag hinzu!

MARC

LEADER 00000naa a2200000 4500
001 0239848
005 20240502073905.1
041 0 |a slo 
044 |a SK 
245 1 0 |a Potápanie dôchodkovej renty  |c Ľuboš Pavelka 
520 |a Pohľad na zmeny v druhom piliery dôchodkového sporenia. 
610 2 0 |a Slovensko 
610 2 0 |a sporenie dôchodkové 
610 2 0 |a Nemecko 
610 2 0 |a poisťovne dôchodkové doplnkové 
100 1 |a Pavelka, Ľuboš, 1962-